Statistics for Countries by Arctic Indigenous Peoples

Click here to take the quiz!

General Stats

  • This quiz has been taken 169 times
  • The average score is 8 of 9

Answer Stats

PeopleCountry% Correct
SamiNorway/Sweden/Finland/Russia
98%
YupikUnited States/Russia
98%
InuitCanada
94%
AleutUnited States/Russia
91%
InuvialuitCanada
90%
InupiatUnited States
86%
KalaallitGreenland(Denmark)
85%
InughuitGreenland(Denmark)
84%
TunumiitGreenland(Denmark)
76%

Score Distribution

Percentile by Number Answered

Percent of People with Each Score

Your Score History

You have not taken this quiz